000 02484cam a2200517 i 4500
001 xx004964604
003 NUKAT
005 20260430111259.0
008 201007s2020 pl a |001 0dpol c
020 _a9788380989566
_q(oprawa twarda) :
_czł 45,00
035 _a(OCoLC)1204357031
035 _a(NUKAT)xx004964604
040 _aLUBL KUL/IP
_bpol
_erda
_cLUBL KUL/IP
_dLUBL KUL/SKs
_dWR U/MB
_dWR O/JG
_dOLSZT 008/bak
045 2 _bd1918
_bd1939
046 _k2020
100 1 _aSmoliński, Aleksander
_d(1964- ).
_eAutor
_912127
245 1 0 _aZ kart wojskowych tradycji Pomorza i Kujaw :
_bkawaleria oraz szkolnictwo kawaleryjskie i artyleria konna na terenie Dowództwa Okręgu Korpusu Nr VIII "Toruń" na tle broni konnych Wojska Polskiego oraz armii wybranych państw europejskich z lat 1918-1939 /
_cAleksander Smoliński ; Instytut Pamięci Narodowej - Komisja Ścigania Zbrodni przeciwko Narodowi Polskiemu.
260 _aGdańsk ;
_aWarszawa :
_bInstytut Pamięci Narodowej - Komisja Ścigania Zbrodni przeciwko Narodowi Polskiemu,
_c2020.
300 _a494 strony :
_bilustracje ;
_c25 cm.
336 _aTekst
_btxt
_2rdacontent
337 _aBez urządzenia pośredniczącego
_bn
_2rdamedia
338 _aWolumin
_bnc
_2rdacarrier
380 _aKsiążki
380 _aPublikacje naukowe
388 1 _a2001-
504 _aBibliografia prac autora na stronach 448-460, pozostała literatura na stronach 460-470. Indeksy.
610 2 7 _aWojsko Polskie (1918-1939)
_2DBN
_937311
610 1 7 _aPolska.
_bWojsko Polskie (1918-1939).
_bPomorska Brygada Kawalerii.
_2kaba
_940992
610 1 7 _aPolska.
_bWojsko Polskie (1918-1939).
_bOkręg Korpusu nr VIII (Toruń).
_bDowództwo.
_2kaba
_940993
648 7 _a1901-2000
_2DBN
_934996
648 7 _a1918-1939
_2DBN
_936041
650 7 _aArtyleria konna
_2DBN
_940994
650 7 _aKawaleria
_2DBN
_937580
650 7 _aŻołnierze
_2DBN
_935175
650 7 _aKawaleria
_zPolska
_y1900-1945.
_2kaba
_940995
650 7 _aKawaleria
_zPolska
_zPomorze Gdańskie (region)
_y1900-1945.
_2kaba
_940996
651 7 _aKujawy
_2DBN
_940997
651 7 _aPolska
_2DBN
_935076
651 7 _aPomorze
_2DBN
_936214
655 7 _aMonografia
_2DBN
_935240
658 _aBezpieczeństwo i wojskowość
658 _aHistoria
710 2 _aInstytut Pamięci Narodowej - Komisja Ścigania Zbrodni przeciwko Narodowi Polskiemu.
_eInstytucja sprawcza
_eWydawca
_4pbl
_911792
920 _a978-83-8098-956-6 (oprawa twarda) : zł 45,00
942 _2ddc
_cBK_NM
999 _c27895
_d27895